[Event "AUTO-INT-3259"]
[Site "http://www.queenalice.com/game.php?id=1504248"]
[Date "2017.11.18"]
[Round "2"]
[White "fltrazzi"]
[Black "Nuzzera"]
[Result "1-0"]
[WhiteElo "1625"]
[BlackElo "1609"]

1. e4 e5 2. Nf3 f6 3. Bc4 Qe7 4. O-O Nc6 5. Nc3 Qc5 6. d3 Nd4 7. Be3 Qb4 8. Nd5
Qc5 9. Nxd4 exd4 10. Bf4 d6 11. Bb5+ Bd7 12. Bxd7+ Kxd7 13. Qg4+ Ke8 14. Qe6+
Ne7 15. b4 Qxc2 16. Rac1 Qxd3 17. Nxc7+ Kd8 18. Qxd6+ Kc8 19. Nxa8+ Qc3 20.
Rxc3+ Nc6 21. Qc7# 1-0

[Event "AUTO-INT-3259"]
[Site "http://www.queenalice.com/game.php?id=1504249"]
[Date "2017.11.18"]
[Round "2"]
[White "Nuzzera"]
[Black "fltrazzi"]
[Result "1-0"]
[WhiteElo "1618"]
[BlackElo "1675"]

1. e3 e5 2. Qh5 Nf6 3. Qxe5+ Be7 4. Qg3 O-O 5. f3 Bd6 6. Qh3 h6 7. g4 c5 8. f4
Ne4 9. Bg2 Nf6 10. Nf3 Nc6 11. g5 hxg5 12. Nxg5 Qa5 13. Bd5 Nb4 14. Bb3 Re8 15.
Bxf7+ Kf8 16. Qh8+ Ke7 17. Bxe8 Nxe8 18. Na3 b5 19. Qg8 Bb7 20. Rg1 Bd5 21. Qh7
c4 22. e4 Bxf4 23. exd5 Nxd5 24. Qe4+ Kd6 25. Nf7+ Kc5 26. c3 Nec7 27. b4+ Qxb4
28. Qd4+ Kc6 29. cxb4 Nxb4 30. Qxf4 Re8+ 31. Kd1 Ne6 32. Qe4+ Kc7 33. Nxb5+ Kb6
34. Qxc4 Nc6 35. Nbd6 Re7 36. Qb5+ Kc7 37. Qb7# 1-0

[Event "AUTO-INT-3259"]
[Site "http://www.queenalice.com/game.php?id=1504250"]
[Date "2017.11.18"]
[Round "2"]
[White "fltrazzi"]
[Black "vangogh"]
[Result "1-0"]
[WhiteElo "1616"]
[BlackElo "1561"]

1. e4 e5 2. Nf3 d6 3. Bc4 Bg4 4. O-O h6 5. h3 Bxf3 6. Qxf3 Nf6 7. Nc3 a6 8. d3
b5 9. Bd5 c6 10. Bb3 b4 11. Nd1 c5 12. Ne3 Nc6 13. Nd5 Nd4 14. Qd1 a5 15. Nxf6+
Qxf6 16. Bd5 Rb8 17. c3 bxc3 18. bxc3 Nb5 19. Qa4 g5 20. Bc6+ Kd8 21. Bxb5 Qe7
22. Qxa5+ Qc7 23. Qxc7+ Kxc7 24. Ba4 Ra8 25. Bd1 Ra5 26. Bb3 f6 27. g3 h5 28.
Be3 Kc6 29. d4 Bg7 30. dxe5 dxe5 31. f4 g4 32. hxg4 hxg4 33. fxe5 fxe5 34. Rf7
Bf8 35. c4 Bd6 36. Rf6 Rh3 37. Kg2 Kd7 38. Rg6 Be7 39. Rxg4 Rh5 40. Rd1+ Kc6 41.
Rg6+ Kc7 42. g4 Rh4 43. Rg7 Ra6 44. Rxe7+ Kc8 45. Rxe5 Rxg4+ 46. Kf2 Rf6+ 47.
Rf5 Rfg6 48. Rxc5+ Kb7 49. Rd7+ Ka6 50. Rb5 Rg7 51. Rd6# 1-0

[Event "AUTO-INT-3259"]
[Site "http://www.queenalice.com/game.php?id=1504251"]
[Date "2017.11.18"]
[Round "2"]
[White "vangogh"]
[Black "fltrazzi"]
[Result "0-1"]
[WhiteElo "1520"]
[BlackElo "1605"]

1. e4 e5 2. d4 exd4 3. Qxd4 Nc6 4. Qd1 Nf6 5. Nc3 Bb4 6. a3 Bxc3+ 7. bxc3 Nxe4
8. Qe2 O-O 9. Qxe4 Re8 10. Qxe8+ Qxe8+ 11. Be2 d5 12. Nf3 Bg4 13. O-O Qxe2 14.
h3 Bxf3 15. gxf3 Qxf3 16. Kh2 Qxc3 17. Bf4 Qxc2 18. Bxc7 Nd4 19. Be5 Nf3+ 20.
Kg2 Nxe5 21. Rfe1 Qg6+ 22. Kf1 Nd3 23. Re7 Qf6 0-1

[Event "Ajedrez # 5"]
[Site "http://www.queenalice.com/game.php?id=1506989"]
[Date "2017.12.6"]
[Round "5"]
[White "fltrazzi"]
[Black "Daniel1962"]
[Result "0-1"]
[WhiteElo "1670"]
[BlackElo "1692"]

1. e4 e5 2. Nf3 Bd6 3. Bc4 h6 4. O-O b6 5. Nc3 Nf6 6. d4 exd4 7. Nb5 Nxe4 8.
Nxd6+ Nxd6 9. Ne5 O-O 10. Qg4 Qf6 11. Ng6 Re8 12. Bd5 Bb7 13. Bb3 Re4 14. Qg3
Nf5 15. Qf3 Qxg6 16. c3 Nh4 17. Qh3 Re2 18. Qxh4 Qxg2# 0-1

[Event "AUTO-ADV-3866"]
[Site "http://www.queenalice.com/game.php?id=1507250"]
[Date "2017.12.9"]
[Round "2"]
[White "yclaudiu35"]
[Black "fltrazzi"]
[Result "1-0"]
[WhiteElo "1970"]
[BlackElo "1679"]

1. e4 e5 2. Nf3 d6 3. Bc4 Nf6 4. Ng5 Be6 5. Bxe6 fxe6 6. Nxe6 Qe7 7. Ng5 Nc6 8.
d3 h6 9. Nf3 d5 10. exd5 Nxd5 11. O-O g5 12. d4 Rd8 13. c4 Nf4 14. d5 e4 15. Nd4
Nxd4 16. Bxf4 gxf4 17. Qxd4 Rg8 18. Re1 e3 19. Qxf4 e2 20. Nc3 Qg7 21. Rxe2+ Be7
22. g3 h5 23. Qxc7 Rd7 24. Qf4 Kd8 25. Rae1 Bd6 26. Qe3 Re7 27. Qxa7 h4 28. Qb6+
Bc7 29. Qxb7 hxg3 30. fxg3 Qd4+ 31. Kg2 Rxe2+ 32. Rxe2 Qxc4 33. Qa8+ 1-0

[Event "Challenge"]
[Site "http://www.queenalice.com/game.php?id=1507854"]
[Date "2017.12.14"]
[Round "-"]
[White "edemarc"]
[Black "fltrazzi"]
[Result "0-1"]
[WhiteElo "1522"]
[BlackElo "1702"]

1. e4 e5 2. Nf3 Nf6 3. d3 Bc5 4. Nxe5 O-O 5. Bg5 Be7 6. Qf3 d6 7. Nc4 b5 8. Ne3
h6 9. Bxf6 Bxf6 10. a3 Bxb2 11. Ra2 Bd4 12. Nd5 c6 13. Nb4 c5 14. Nd5 Nc6 15. c3
Be5 16. Rb2 b4 17. axb4 cxb4 18. Rxb4 Nxb4 19. cxb4 Bb7 20. Be2 a5 21. b5 Bxd5
22. exd5 Rc8 0-1

[Event "AUTO-INT-3288"]
[Site "http://www.queenalice.com/game.php?id=1511965"]
[Date "2018.1.15"]
[Round "2"]
[White "Danado"]
[Black "fltrazzi"]
[Result "0-1"]
[WhiteElo "1599"]
[BlackElo "1666"]

1. e4 e5 2. Qf3 Nf6 3. a3 Bc5 4. h3 O-O 5. Bc4 c6 6. d3 d5 7. exd5 cxd5 8. Bb3
e4 9. dxe4 Qe8 10. Bxd5 Nxd5 11. Ne2 Nf6 12. Nbc3 Nc6 13. Na4 Nxe4 14. Nxc5 Nxc5
15. O-O Ne5 16. Qc3 b6 17. Bf4 Ng6 18. Rae1 Ne4 19. Qd3 Bf5 20. Ng3 Nxf4 21.
Nxe4 Nxd3 0-1

[Event "AUTO-INT-3288"]
[Site "http://www.queenalice.com/game.php?id=1511966"]
[Date "2018.1.15"]
[Round "2"]
[White "fltrazzi"]
[Black "Danado"]
[Result "1-0"]
[WhiteElo "1653"]
[BlackElo "1584"]

1. e4 e5 2. Nf3 d6 3. Bc4 h6 4. O-O Nc6 5. Nc3 Nd4 6. Nxd4 exd4 7. Nd5 Be6 8.
Qf3 f6 9. Nxc7+ Qxc7 10. Bxe6 Qe7 11. Bd5 g6 12. Re1 f5 13. d3 Rc8 14. exf5 1-0

[Event "AUTO-INT-3288"]
[Site "http://www.queenalice.com/game.php?id=1511969"]
[Date "2018.1.15"]
[Round "2"]
[White "Jomaley"]
[Black "fltrazzi"]
[Result "0-1"]
[WhiteElo "1574"]
[BlackElo "1691"]

1. e4 e5 2. Nf3 d6 3. Bb5+ c6 4. Bd3 Bg4 5. h3 Bxf3 6. Qxf3 Nf6 7. b4 d5 8. exd5
cxd5 9. Bb5+ Nc6 10. Qf5 e4 11. O-O Bxb4 12. Bxc6+ bxc6 13. Qe5+ Kd7 14. c3 Bd6
15. Qg5 h6 16. Qxg7 Qe7 17. d3 Rag8 18. Bxh6 Rxg7 19. Bxg7 Rh7 20. Bxf6 Qxf6 21.
d4 Qg6 22. f3 Rg7 23. Rf2 exf3 24. Nd2 fxg2 25. Rb1 Bh2+ 26. Kxh2 g1=Q+ 27. Rxg1
Qxg1# 0-1

[Event "AUTO-INT-3288"]
[Site "http://www.queenalice.com/game.php?id=1511970"]
[Date "2018.1.15"]
[Round "2"]
[White "fltrazzi"]
[Black "Jomaley"]
[Result "0-1"]
[WhiteElo "1675"]
[BlackElo "1531"]

1. e4 e5 2. Nf3 Qf6 3. Bc4 c6 4. O-O b5 5. Bd3 g5 6. Nc3 g4 7. Ne1 h5 8. h3 gxh3
9. gxh3 Qg5+ 10. Ng2 d6 11. Be2 Bxh3 12. d3 Qxg2# 0-1

[Event "AUTO-INT-3288"]
[Site "http://www.queenalice.com/game.php?id=1511971"]
[Date "2018.1.15"]
[Round "2"]
[White "vangogh"]
[Black "fltrazzi"]
[Result "0-1"]
[WhiteElo "1535"]
[BlackElo "1681"]

1. e4 e5 2. d4 exd4 3. Qxd4 Nc6 4. Qd1 Nf6 5. Bg5 Bb4+ 6. c3 Be7 7. Bxf6 Bxf6 8.
Nf3 O-O 9. Bc4 d6 10. h3 Re8 11. Nbd2 Be6 12. O-O Bxc4 13. Nxc4 Rxe4 14. b3 Bxc3
15. Qd3 Bxa1 16. Qxe4 Bc3 17. Qd3 Bf6 18. g4 h6 19. Re1 Nb4 20. Qd2 d5 21. Na5
Nc6 22. Nxb7 Qb8 23. Nc5 Qb5 24. Qxd5 Rd8 25. Qc4 Qxc4 26. bxc4 Na5 27. Rc1 Be7
28. Na6 Rd3 29. Kg2 Ra3 30. Rc2 c6 31. c5 Nb7 32. Nc7 Nxc5 33. Nd4 Nd3 34. Nxc6
Ne1+ 35. Kf1 Nxc2 36. Nxe7+ Kf8 37. Ned5 Rxa2 38. Kg2 g5 39. f4 Ne3+ 40. Kf3
Nxd5 41. Nxd5 Ra3+ 42. Ne3 a5 43. f5 a4 44. Ke4 f6 45. Nc4 Rxh3 46. Kd5 a3 47.
Nxa3 Rxa3 48. Ke4 Rg3 49. Kd5 Rxg4 50. Ke6 Kg7 0-1

[Event "AUTO-INT-3288"]
[Site "http://www.queenalice.com/game.php?id=1511972"]
[Date "2018.1.15"]
[Round "2"]
[White "fltrazzi"]
[Black "vangogh"]
[Result "1-0"]
[WhiteElo "1669"]
[BlackElo "1558"]

1. e4 e5 2. Nf3 d6 3. Bc4 h6 4. O-O Nf6 5. Nc3 Bg4 6. h3 Bxf3 7. Qxf3 c6 8. b3
Be7 9. Ba3 b5 10. Bd3 Qa5 11. Bc1 O-O 12. a3 b4 13. Nb1 d5 14. exd5 cxd5 15. Be2
e4 16. Qf5 g6 17. Qe5 Nc6 18. Qf4 g5 19. Qe3 Bd6 20. d3 Bf4 21. axb4 Qxa1 22.
Qc5 Qxb1 23. Bxf4 Qb2 24. Qxc6 gxf4 25. dxe4 Nxe4 26. Qxd5 Qxc2 27. Bd3 Nf6 28.
Qf5 Qc6 29. f3 Nd5 30. Be4 Qg6 31. Qxd5 Qb6+ 32. Kh1 Qxb4 33. Qh5 Rad8 34. Qxh6
f5 35. Qg6+ Kh8 36. Bxf5 Qe7 37. Qh6+ Kg8 38. Be6+ Rf7 39. Bxf7+ Kxf7 40. Qxf4+
Ke8 41. Qg3 Qe2 42. Re1 Qxe1+ 43. Qxe1+ Kf7 44. g4 Rd3 45. Qa5 Rxb3 46. Qd5+ 1-0

[Event "AUTO-INT-3259"]
[Site "http://www.queenalice.com/game.php?id=1514200"]
[Date "2018.1.31"]
[Round "3"]
[White "NickThorp"]
[Black "fltrazzi"]
[Result "0-1"]
[WhiteElo "1660"]
[BlackElo "1653"]

1. e4 e5 2. Nf3 Nc6 3. Bb5 a6 4. Ba4 b5 5. Bb3 Nf6 6. d3 Bc5 7. O-O Ng4 8. Bg5
f6 9. Bh4 g5 10. Bg3 h5 11. h3 h4 12. hxg4 hxg3 13. d4 exd4 14. Qd3 Qe7 15. c3
Qh7 16. fxg3 dxc3+ 17. Rf2 Qh1# 0-1

[Event "AUTO-INT-3259"]
[Site "http://www.queenalice.com/game.php?id=1514201"]
[Date "2018.1.31"]
[Round "3"]
[White "fltrazzi"]
[Black "NickThorp"]
[Result "1-0"]
[WhiteElo "1683"]
[BlackElo "1588"]

1. e4 e5 2. Nf3 Nc6 3. Bc4 d6 4. O-O Bg4 5. h3 Bh5 6. d3 h6 7. Nc3 Nf6 8. Bb5 a6
9. Bxc6+ bxc6 10. b4 Rb8 11. a3 c5 12. bxc5 dxc5 13. a4 c4 14. dxc4 Qxd1 15.
Rxd1 Bxf3 16. gxf3 Bc5 17. a5 Bd4 18. Ra3 O-O 19. f4 exf4 20. Rxd4 Rfe8 21. Bxf4
c5 22. Rd1 Nxe4 23. Bxb8 Nxc3 24. Rxc3 Rxb8 25. Rcd3 Rb2 26. Rd8+ Kh7 27. Ra8
Rxc2 28. Rxa6 Rxc4 29. Rb6 Rh4 30. a6 Rxh3 31. a7 Ra3 32. Rb7 c4 33. Rd8 c3 34.
a8=Q Rxa8 35. Rxa8 c2 36. Rc7 f6 37. Rxc2 Kg6 38. Rc7 h5 39. Raa7 Kh6 40. Rxg7
1-0

[Event "AUTO-INT-3276"]
[Site "http://www.queenalice.com/game.php?id=1518399"]
[Date "2018.3.5"]
[Round "2"]
[White "victorbush2"]
[Black "fltrazzi"]
[Result "1-0"]
[WhiteElo "1886"]
[BlackElo "1695"]

1. e4 e5 2. Nf3 Nf6 3. Nc3 Bc5 4. Bc4 O-O 5. O-O Nc6 6. a3 Ng4 7. d4 exd4 8. Nd5
Na5 9. Ba2 Nc6 10. b4 Bd6 11. h3 Nf6 12. Re1 Nxd5 13. Bxd5 Qf6 14. b5 d3 15. Bg5
Qc3 16. bxc6 dxc2 17. Qd2 Be5 18. Rac1 Qxd2 19. Nxd2 dxc6 20. Bb3 h6 21. Be3 Bc3
22. Rxc2 Be5 23. Nf3 Bf6 24. Bf4 b5 25. Rxc6 Bb7 26. Rxc7 Rab8 27. Rxf7 Rxf7 28.
Bxb8 Bc3 29. Rd1 Kf8 30. Bxf7 Kxf7 31. Rd7+ Ke6 32. Rxb7 a6 33. Rb6+ Ke7 34.
Rxa6 g5 35. Rxh6 Bg7 36. Rb6 Kd7 37. Rxb5 Kc8 38. Rxg5 Bf6 39. Rg8+ 1-0

[Event "AUTO-INT-3276"]
[Site "http://www.queenalice.com/game.php?id=1518400"]
[Date "2018.3.5"]
[Round "2"]
[White "fltrazzi"]
[Black "victorbush2"]
[Result "0-1"]
[WhiteElo "1693"]
[BlackElo "1849"]

1. e4 e5 2. Nf3 Nc6 3. Bc4 Bc5 4. d3 h6 5. O-O Nf6 6. h3 O-O 7. Nc3 a6 8. Na4
Ba7 9. Nc3 b5 10. Bd5 Nxd5 11. Nxd5 Bb7 12. c4 d6 13. b4 a5 14. cxb5 Nxb4 15.
Nxb4 axb4 16. Nd2 Bd4 17. Rb1 Bc3 18. Qg4 Rxa2 19. Nc4 Bc8 20. Qg3 Bd7 21. Bxh6
Qf6 22. Bg5 Qg6 23. Be7 Qxg3 24. fxg3 Re8 25. Bg5 Bxb5 26. h4 Rea8 27. h5 Re2
28. h6 gxh6 29. Bxh6 Raa2 30. g4 Rxg2+ 31. Kh1 Rh2+ 32. Kg1 Rag2# 0-1

[Event "AUTO-INT-3276"]
[Site "http://www.queenalice.com/game.php?id=1518403"]
[Date "2018.3.5"]
[Round "2"]
[White "Zorychta"]
[Black "fltrazzi"]
[Result "1-0"]
[WhiteElo "2404"]
[BlackElo "1695"]

1. e4 e5 2. Nf3 Nf6 3. d4 exd4 4. e5 Ng4 5. h3 Nh6 6. Bxh6 gxh6 7. Qxd4 Nc6 8.
Qe4 Nb4 9. Nc3 c6 10. Bc4 d5 11. exd6+ Kd7 12. Qf5+ Kxd6 13. Qe5+ Kd7 14. O-O-O+
Bd6 15. Qxd6+ Ke8 16. Qxd8# 1-0

[Event "AUTO-INT-3276"]
[Site "http://www.queenalice.com/game.php?id=1518404"]
[Date "2018.3.5"]
[Round "2"]
[White "fltrazzi"]
[Black "Zorychta"]
[Result "0-1"]
[WhiteElo "1697"]
[BlackElo "2401"]

1. e4 d6 2. Nf3 Nf6 3. Bc4 Nxe4 4. O-O d5 5. Bd3 Bg4 6. Nc3 Ng5 7. h3 Bxf3 8.
gxf3 Nxh3+ 9. Kh2 Nf4 10. b4 e6 11. Re1 Qh4+ 12. Kg1 Qg5+ 13. Kf1 Qg2# 0-1

[Event "AUTO-INT-3276"]
[Site "http://www.queenalice.com/game.php?id=1518405"]
[Date "2018.3.5"]
[Round "2"]
[White "Ditto"]
[Black "fltrazzi"]
[Result "1-0"]
[WhiteElo "1714"]
[BlackElo "1687"]

1. e4 e5 2. Nf3 Nf6 3. Bc4 Nxe4 4. d3 Ng5 5. Bxg5 f6 6. Be3 c5 7. O-O d5 8. Bb5+
Bd7 9. Bxd7+ Qxd7 10. c3 e4 11. dxe4 dxe4 12. Qxd7+ Nxd7 13. Nbd2 exf3 14. Nxf3
g5 15. Nd2 Ne5 16. Ne4 Ng4 17. Bxc5 Bxc5 18. Nxc5 b6 19. Ne6 Rc8 20. Rfe1 Kf7
21. Nd4 h5 22. h3 Nh6 23. Nb5 Ra8 24. Rad1 1-0